|
|
|
|
| LEADER |
01069nam a2200301 a 4500 |
| 001 |
000628404 |
| 003 |
CZ BrMZK |
| 005 |
20190917135221.0 |
| 007 |
ta |
| 008 |
021008s1980 xo g f slo d |
| 040 |
|
|
|a BOA001
|b cze
|c BOA001
|
| 041 |
1 |
|
|a slo
|h cze
|
| 072 |
|
7 |
|a 821.162.3-3
|x Česká próza
|2 Konspekt
|9 25
|
| 080 |
|
|
|a 821.162.3-31
|2 MRF
|
| 080 |
|
|
|a (0:82-31)
|2 MRF
|
| 100 |
1 |
|
|a Tilschová, Anna Maria,
|d 1873-1957
|7 jk01132483
|4 aut
|
| 245 |
1 |
0 |
|a Stará rodina /
|c Anna Maria Tilschová ; z českého originálu preložila Jana Rovenská ; doslov napísal Břetislav Truhlář
|
| 250 |
|
|
|a 1. vyd.
|
| 260 |
|
|
|a Bratislava :
|b Tatran,
|c 1980
|
| 300 |
|
|
|a 383 s.
|
| 490 |
1 |
|
|a Svetová tvorba ;
|v zv. 144
|
| 655 |
|
7 |
|a české romány
|7 fd133974
|2 czenas
|
| 700 |
1 |
|
|a Truhlář, Břetislav,
|d 1926-1990
|7 jk01140237
|4 wfw
|
| 700 |
1 |
|
|a Rovenská, Jana
|7 jk01102890
|4 trl
|
| 830 |
|
0 |
|a Svetová tvorba (Tatran)
|0 s
|
| 910 |
|
|
|a BOA001
|b 2-0827.545
|
| 990 |
|
|
|a BK
|
| 996 |
7 |
|
|b 2619202743
|c 2-0827.545
|l MZK
|r Sklad / do 1 hodiny
|n 6
|w 000628404
|u 000010
|a 1
|e BOA001
|j MZK50
|s A
|